000 00250nam a2200133Ia 4500
100 _aMF-1 MANUAL
942 _cBK
654 _aMF-1 MANUAL
245 _aMF-1 MANUAL
260 _bnone
082 _a621.381593
546 _aENGLISH
999 _c32724
_d32724